000 00977nam a22002777a 4500
001 BR8702951
003 BR-BrBNA
005 20230928092546.0
007 ta
008 230509b bl.||||| |||| 00| 0 por d
040 _aBR-BrBNA
_bpor
_cBiblioteca Nacional de Agricultura
041 _a(Por)
072 _aL73
_b5212
_b4140
090 _ 5212 BR8702951
100 1 _aCosta, A.J. da
110 1 _aUniversidade Federal de Minas Gerais, Belo Horizonte (Brasil). Inst. de Ciencias Biologicas. Depto. de Parasitologia
_0Tese (Mestre em Parasitologia)
_910858
245 1 _aInfeccao experimental de bovinos com oocitos e cistos de Toxoplasma gondii Nicolle Manceaux, 1908
260 3 _aBelo Horizonte, MG (Brasil):
_c1976.
300 _a81 p.
500 _a(*) Documento disponível no(a) UFMG, Belo Horizonte, MG (Brazil). Bilbioteca Central
650 _aBOVINO
650 _aCISTO
650 _aTOXOPLASMOSE
909 _a202309
_bLucia
_c55
_dLucia Elande
942 _cBK
999 _c39802
_d39802